Rubber products export: India's system needs reorientation (Record no. 48371)

MARC details
000 -LEADER
fixed length control field 00409nam a2200157Ia 4500
100 ## - MAIN ENTRY--AUTHOR NAME
Personal name Mohanakumar S.
245 #0 - TITLE STATEMENT
Title Rubber products export: India's system needs reorientation
260 ## - PUBLICATION, DISTRIBUTION, ETC. (IMPRINT)
Name of publisher Rubber Asia
Year of publication 1995
300 ## - PHYSICAL DESCRIPTION
Number of Pages 31-36
650 ## - SUBJECT ADDED ENTRY--TOPICAL TERM
Topical Term Export
650 ## - SUBJECT ADDED ENTRY--TOPICAL TERM
Topical Term Rubber product industry
700 ## - ADDED ENTRY--PERSONAL NAME
Personal name George K.T.
700 ## - ADDED ENTRY--PERSONAL NAME
Personal name Joseph T.[a]
942 ## - ADDED ENTRY ELEMENTS (KOHA)
Koha item type Bibliography STAF
Holdings
Withdrawn status Lost status Damaged status Not for loan Home library Current library Shelving location Date acquired Serial Enumeration / chronology Koha item type
      Bibliography RRII Library RRII Library Agricultural economics 09/04/2014 Volume 9, Issue 3 Bibliography STAF